La guerra en Africa (Record no. 23565)

MARC details
000 -LEADER
campo de control de longitud fija 00497nam a2200157 i 4500
001 - NÚMERO DE CONTROL
campo de control 23565
003 - IDENTIFICADOR DE NÚMERO DE CONTROL
campo de control ES-MaACL
005 - FECHA Y HORA DE LA ÚLTIMA TRANSACCIÓN
campo de control 20230906152909.0
007 - CAMPO FIJO DE DESCRIPCIÓN FÍSICA--INFORMACIÓN GENERAL
campo de control de longitud fija t|
008 - DATOS DE LONGITUD FIJA--INFORMACIÓN GENERAL
campo de control de longitud fija 021211s1893 sp ||||1| spa d
100 1# - ENTRADA PRINCIPAL--NOMBRE DE PERSONA
Nombre de persona Alvarez Cabrera, José.
9 (RLIN) 20717
245 13 - MENCIÓN DEL TÍTULO
Título La guerra en Africa
Resto del título : (apuntes militares sobre el Imperio de Marruecos) /
Mención de responsabilidad, etc. José Alvarez Cabrera.
260 ## - PUBLICACIÓN, DISTRIBUCIÓN, ETC.
Lugar de publicación, distribución, etc. Madrid :
Nombre del editor, distribuidor, etc. Biblioteca Economica de Cien Militares,
Fecha de publicación, distribución, etc. 1893.
300 ## - DESCRIPCIÓN FÍSICA
Extensión 189 p. ;
Dimensiones 18 cm.
852 ## - LOCALIZACIÓN
Ubicación ES-MaACL
Número de control de estantería D-2594
Holdings
Estatus retirado Estado de pérdida Estado de daño No para préstamo Colección Biblioteca de origen Biblioteca actual Ubicación en estantería Fecha de adquisición Fuente de adquisición Total de préstamos Signatura topográfica completa Código de barras Visto por última vez Precio de reemplazo Tipo de ítem Koha
        Libros del s. XIX Biblioteca del Ateneo de Madrid Biblioteca del Ateneo de Madrid Sala Valle Inclán 17/01/2008     D-2594 901024282 23/02/2023 23/02/2023 Libro impreso antiguo